[Event "Villa Martelli IM"]
[Site "Villa Martelli"]
[Date "2021.10.30"]
[Round "8"]
[White "Francisco Guecamburu, Candela Be"]
[Black "Teran Abreu, Lisyender Jesus"]
[Result "1-0"]
[WhiteElo "2034"]
[BlackElo "2160"]
[PlyCount "33"]
[EventDate "2021.10.22"]
[EventType "tourn"]
[EventRounds "9"]
[EventCountry "ARG"]
[EventCategory "1"]
[SourceTitle "CBM 204 Extra"]
[Source "ChessBase"]
[SourceDate "2021.11.30"]
[SourceVersion "1"]
[SourceVersionDate "2021.11.30"]
[SourceQuality "1"]

1. e4 e5 2. Nf3 Nc6 3. Bb5 a6 4. Ba4 Nge7 5. Nc3 g6 6. d4 exd4 7. Nd5 Bg7 8. Bg5 h6 9. Bf6 Bxf6 10. Nxf6+ Kf8 11. 0-0 d6 12. Nxd4 Nxd4 13. Qxd4 c5 14. Nd7+ Kg8 15. Nxc5 Kh7 16. Qf6 Rf8 17. Rad1 1-0

[Event "Salliquelo U2200 4th"]
[Site "Salliquelo"]
[Date "2019.04.26"]
[Round "1.2"]
[White "Pega, Agustin"]
[Black "Teran Abreu, Lisyender Jesus"]
[Result "0-1"]
[WhiteElo "1715"]
[BlackElo "2187"]
[PlyCount "48"]
[EventDate "2019.04.26"]
[EventType "swiss"]
[EventRounds "7"]
[EventCountry "ARG"]
[SourceTitle "EXT 2024"]
[Source "ChessBase"]
[SourceDate "2023.10.10"]
[SourceVersion "1"]
[SourceVersionDate "2023.10.10"]
[SourceQuality "1"]

1. d4 Nf6 2. c4 g6 3. Nc3 Bg7 4. e4 d6 5. Be2 0-0 6. Be3 e5 7. d5 a5 8. g4 Na6 9. g5 Ne8 10. h4 c6 11. Qd2 Nb4 12. dxc6 bxc6 13. Rd1 Qe7 14. Nf3 Be6 15. a3 Na6 16. Na4 Qb7 17. Qxa5 c5 18. Nh2 f5 19. gxf6 Rxf6 20. f3 Qb3 21. Rd3 Qb7 22. Nb6 Ra7 23. Nd5 Bxd5 24. cxd5 Nb4 0-1

[Event "Porlamar Margarita Village"]
[Site "Porlamar"]
[Date "2016.02.06"]
[Round "6.1"]
[White "Martis, Valentino"]
[Black "Teran Abreu, Lisyender Jesus"]
[Result "0-1"]
[WhiteElo "2050"]
[BlackElo "2164"]
[PlyCount "56"]
[EventDate "2016.02.03"]
[EventType "tourn"]
[EventRounds "9"]
[EventCountry "VEN"]
[SourceTitle "EXT 2018"]
[Source "ChessBase"]
[SourceDate "2017.10.13"]
[SourceVersion "1"]
[SourceVersionDate "2017.10.13"]
[SourceQuality "1"]

1. d4 Nf6 2. c4 e5 3. dxe5 Ng4 4. Bf4 g5 5. Bg3 Bg7 6. Nf3 Nc6 7. e3 Ngxe5 8. Nxe5 Nxe5 9. Qh5 d6 10. Bxe5 Bxe5 11. Nc3 Bxc3+ 12. bxc3 Qf6 13. Rc1 Be6 14. Be2 0-0-0 15. Bg4 Rdg8 16. Ke2 Kb8 17. Bxe6 Qxe6 18. Kd3 Qf5+ 19. Ke2 Qe6 20. Kd3 d5 21. c5 Qa6+ 22. Kd2 Qxa2+ 23. Rc2 Qc4 24. Qxf7 Rf8 25. Qg7 Rxf2+ 26. Ke1 Rc8 27. Qxg5 Qd3 28. Rc1 Qe2# 0-1

[Event "Porlamar Margarita Village"]
[Site "Porlamar"]
[Date "2016.02.04"]
[Round "2.3"]
[White "Teran Abreu, Lisyender Jesus"]
[Black "Sosa, Tomas Sebastian"]
[Result "1/2-1/2"]
[WhiteElo "2164"]
[BlackElo "2422"]
[PlyCount "53"]
[EventDate "2016.02.03"]
[EventType "tourn"]
[EventRounds "9"]
[EventCountry "VEN"]
[SourceTitle "EXT 2018"]
[Source "ChessBase"]
[SourceDate "2017.10.13"]
[SourceVersion "1"]
[SourceVersionDate "2017.10.13"]
[SourceQuality "1"]

1. e4 c5 2. Nf3 Nc6 3. d4 cxd4 4. Nxd4 Nf6 5. Nc3 d6 6. Be2 e5 7. Nb3 Be7 8. 0-0 0-0 9. f4 a5 10. a4 Nb4 11. Kh1 Bd7 12. Bf3 Qc7 13. Be3 Rfe8 14. Qe2 Bc6 15. Qf2 Qc8 16. fxe5 dxe5 17. Bb6 Bd8 18. Be3 Rb8 19. Ba7 Ra8 20. Be3 Qc7 21. Rad1 Rb8 22. Bc5 Rc8 23. Bd6 Qb6 24. Bc5 Qc7 25. Bd6 Qb6 26. Bc5 Qc7 27. Bd6 1/2-1/2

[Event "Caracas FVA 80th Ann"]
[Site "Caracas"]
[Date "2015.12.18"]
[Round "6"]
[White "Teran Abreu, Lisyender Jesus"]
[Black "Patino Garcia, Corals"]
[Result "1-0"]
[WhiteElo "2153"]
[BlackElo "1928"]
[PlyCount "52"]
[EventDate "2015.12.16"]
[EventType "swiss"]
[EventRounds "8"]
[EventCountry "VEN"]
[SourceTitle "EXT 2018"]
[Source "ChessBase"]
[SourceDate "2017.10.13"]
[SourceVersion "1"]
[SourceVersionDate "2017.10.13"]
[SourceQuality "1"]

1. e4 c5 2. Nf3 d6 3. d4 cxd4 4. Nxd4 Nf6 5. Nc3 a6 6. Be2 e6 7. 0-0 Be7 8. f4 0-0 9. Kh1 Nc6 10. Be3 Re8 11. a4 Qc7 12. Nb3 b6 13. Bf3 Rb8 14. Qe2 Bb7 15. Rae1 Bf8 16. Qf2 Ba8 17. Qg3 Nb4 18. Rf2 d5 19. e5 Ne4 20. Bxe4 dxe4 21. Nd4 Rbd8 22. f5 exf5 23. Rxf5 Nc6 24. e6 Qxg3 25. exf7+ Kh8 26. hxg3 Re7 1-0

[Event "Caracas Hernandez Cup"]
[Site "Caracas"]
[Date "2014.10.10"]
[Round "5"]
[White "Heredia, Dorges"]
[Black "Teran Abreu, Lisyender Jesus"]
[Result "1-0"]
[WhiteElo "2214"]
[BlackElo "2119"]
[PlyCount "87"]
[EventDate "2014.10.08"]
[EventType "swiss"]
[EventRounds "9"]
[EventCountry "VEN"]
[SourceTitle "EXT 2016"]
[Source "ChessBase"]
[SourceDate "2015.10.08"]
[SourceVersion "1"]
[SourceVersionDate "2015.10.08"]
[SourceQuality "1"]

1. d4 Nf6 2. c4 e5 3. dxe5 Ng4 4. Bf4 g5 5. Bg3 Nc6 6. Nf3 Bg7 7. Nc3 Ngxe5 8. Nxe5 Nxe5 9. e3 d6 10. Rc1 Be6 11. Be2 c6 12. 0-0 0-0 13. b3 Bf5 14. Qd2 Qe7 15. f4 gxf4 16. Rxf4 Qe6 17. Rcf1 Bg6 18. Ne4 Bxe4 19. Rxe4 f5 20. Rd4 Rad8 21. Rd1 Nf7 22. Rh4 Ng5 23. Bf3 Nxf3+ 24. gxf3 d5 25. c5 Rde8 26. Bf4 Qe7 27. Qf2 Qxc5 28. Kh1 Re6 29. Rg1 Rff6 30. Rh5 Rg6 31. Rxf5 Rxg1+ 32. Qxg1 Rg6 33. Rg5 Qc2 34. Qg4 Qd1+ 35. Kg2 Qe2+ 36. Kg3 Qe1+ 37. Kh3 Rh6+ 38. Rh5 Qf1+ 39. Kh4 Qe1+ 40. Qg3 Rxh5+ 41. Kxh5 Qc3 42. Qg4 Qb4 43. Qe6+ Kh8 44. Bd6 1-0

[Event "Medellin Flores op 20th"]
[Site "Medellin"]
[Date "2014.08.08"]
[Round "4"]
[White "Teran Abreu, Lisyender Jesus"]
[Black "Torres, Juan Camilo"]
[Result "0-1"]
[WhiteElo "2155"]
[BlackElo "2331"]
[PlyCount "74"]
[EventDate "2014.08.06"]
[EventType "swiss"]
[EventRounds "9"]
[EventCountry "COL"]
[SourceTitle "CBM 162 Extra"]
[Source "ChessBase"]
[SourceDate "2014.10.17"]
[SourceVersion "1"]
[SourceVersionDate "2014.10.17"]
[SourceQuality "1"]

1. e4 e5 2. Bc4 Nf6 3. d3 Nc6 4. Nf3 Be7 5. c3 0-0 6. Bb3 d6 7. Nbd2 Na5 8. Bc2 c5 9. Nf1 Nc6 10. Ng3 h6 11. 0-0 Re8 12. h3 Bf8 13. Re1 d5 14. exd5 Nxd5 15. d4 exd4 16. Rxe8 Qxe8 17. cxd4 c4 18. b3 c3 19. a3 Be6 20. Qd3 g6 21. b4 a5 22. b5 Na7 23. Rb1 Nc8 24. Ne5 Ncb6 25. h4 h5 26. Ne4 Be7 27. g3 Bf5 28. f3 f6 29. Nc4 Nxc4 30. Qxc4 Be6 31. Qd3 Rc8 32. Bb3 Kf7 33. Bxd5 Bxd5 34. Nxc3 Bd6 35. Kf2 Bxg3+ 36. Kg2 Qe1 37. Nd1 Bd6 0-1

[Event "Medellin Flores op 20th"]
[Site "Medellin"]
[Date "2014.08.06"]
[Round "1"]
[White "Arboleda Orozco, Juan M"]
[Black "Teran Abreu, Lisyender Jesus"]
[Result "0-1"]
[WhiteElo "1863"]
[BlackElo "2155"]
[PlyCount "93"]
[EventDate "2014.08.06"]
[EventType "swiss"]
[EventRounds "9"]
[EventCountry "COL"]
[SourceTitle "CBM 162 Extra"]
[Source "ChessBase"]
[SourceDate "2014.10.17"]
[SourceVersion "1"]
[SourceVersionDate "2014.10.17"]
[SourceQuality "1"]

1. e4 e5 2. Nf3 Nc6 3. d4 exd4 4. Bc4 Nf6 5. e5 d5 6. Bb5 Ne4 7. Nxd4 Bd7 8. Bxc6 bxc6 9. 0-0 Bc5 10. c3 0-0 11. Be3 Qe7 12. f3 Nd6 13. Bf4 Nf5 14. Kh1 Bxd4 15. cxd4 Qb4 16. g4 Qxd4 17. Qc1 Nh4 18. Bg3 Ng6 19. Rd1 Qb4 20. Nc3 Rae8 21. a3 Qb3 22. Qe3 Qb6 23. Qe2 f6 24. f4 fxe5 25. f5 Nf4 26. Qf3 g5 27. h4 h6 28. hxg5 hxg5 29. Rd2 Rf7 30. Rh2 Rh7 31. b4 Rxh2+ 32. Kxh2 Kg7 33. Bxf4 exf4 34. Na4 Qd4 35. Rd1 Qc4 36. Nc5 Qc2+ 37. Kg1 Re3 38. Qf1 Bc8 39. Re1 Qc3 40. Rxe3 Qxe3+ 41. Qf2 d4 42. Qxe3 dxe3 43. Kg2 Bxf5 44. gxf5 Kf6 45. a4 g4 46. a5 Kxf5 47. a6 0-1

[Event "Caracas Bandes Cup 1st"]
[Site "Caracas"]
[Date "2014.03.03"]
[Round "6"]
[White "Gascon del Nogal, Carlos Arturo"]
[Black "Teran Abreu, Lisyender Jesus"]
[Result "0-1"]
[WhiteElo "1906"]
[BlackElo "2174"]
[PlyCount "54"]
[EventDate "2014.03.01"]
[EventType "swiss"]
[EventRounds "7"]
[EventCountry "VEN"]
[SourceTitle "EXT 2018"]
[Source "ChessBase"]
[SourceDate "2017.10.13"]
[SourceVersion "1"]
[SourceVersionDate "2017.10.13"]
[SourceQuality "1"]

1. d4 Nf6 2. c4 g6 3. g3 Bg7 4. Bg2 0-0 5. Nf3 d6 6. Nc3 c5 7. dxc5 dxc5 8. Qxd8 Rxd8 9. Be3 Na6 10. h3 Be6 11. Nd2 Rd7 12. 0-0 Rad8 13. Rfd1 b6 14. Rac1 Nb8 15. b3 Ne8 16. Nde4 Rxd1+ 17. Rxd1 Rxd1+ 18. Nxd1 Na6 19. a3 h6 20. Nec3 Nac7 21. Kh2 Nd6 22. Bc6 Bf5 23. Bf4 Bc2 24. Bxd6 exd6 25. b4 Bb3 26. Bd5 Nxd5 27. cxd5 cxb4 0-1

[Event "Caracas Bandes Cup 1st"]
[Site "Caracas"]
[Date "2014.03.02"]
[Round "3"]
[White "Teran Abreu, Lisyender Jesus"]
[Black "Ramirez Marino, Richard Daniel"]
[Result "0-1"]
[WhiteElo "2174"]
[BlackElo "2031"]
[PlyCount "96"]
[EventDate "2014.03.01"]
[EventType "swiss"]
[EventRounds "7"]
[EventCountry "VEN"]
[SourceTitle "EXT 2018"]
[Source "ChessBase"]
[SourceDate "2017.10.13"]
[SourceVersion "1"]
[SourceVersionDate "2017.10.13"]
[SourceQuality "1"]

1. e4 e5 2. Bc4 Nf6 3. d3 Nc6 4. Nf3 Bc5 5. c3 d6 6. Bb3 Bb6 7. Nbd2 0-0 8. 0-0 h6 9. h3 Be6 10. Re1 Nh7 11. Nc4 Qf6 12. Nxb6 axb6 13. Re3 Bxb3 14. Qxb3 Qe6 15. Qxe6 fxe6 16. Nh4 g5 17. Nf3 Kg7 18. h4 Kg6 19. hxg5 hxg5 20. Nh2 Ne7 21. Rh3 Ng8 22. Be3 Ngf6 23. a3 Nh5 24. g3 N7f6 25. Kg2 Rh8 26. Rh1 g4 27. Rh4 Nf4+ 28. Bxf4 Rxh4 29. gxh4 exf4 30. f3 g3 31. Ng4 Nd7 32. d4 Kh5 33. Kh3 Kg6 34. Rd1 b5 35. e5 d5 36. Re1 b6 37. h5+ Kg5 38. h6 Rh8 39. Ra1 Kg6 40. Kg2 c5 41. Rd1 Kg5 42. Rh1 Nf8 43. b4 Ng6 44. Nf6 Nh4+ 45. Rxh4 Kxh4 46. dxc5 bxc5 47. bxc5 Rxh6 48. c6 Rh8 0-1

[Event "Caracas Bandes Cup 1st"]
[Site "Caracas"]
[Date "2014.03.01"]
[Round "2"]
[White "Sanchez Castellanos, German Alex"]
[Black "Teran Abreu, Lisyender Jesus"]
[Result "1/2-1/2"]
[WhiteElo "2069"]
[BlackElo "2174"]
[PlyCount "50"]
[EventDate "2014.03.01"]
[EventType "swiss"]
[EventRounds "7"]
[EventCountry "VEN"]
[SourceTitle "EXT 2018"]
[Source "ChessBase"]
[SourceDate "2017.10.13"]
[SourceVersion "1"]
[SourceVersionDate "2017.10.13"]
[SourceQuality "1"]

1. d4 Nf6 2. c4 g6 3. Nc3 Bg7 4. e4 d6 5. f3 0-0 6. Be3 Nc6 7. Qd2 e5 8. Nge2 exd4 9. Nxd4 Bd7 10. 0-0-0 a6 11. h4 b5 12. h5 b4 13. Nd5 Nxd5 14. cxd5 Nxd4 15. Bxd4 Bxd4 16. Qxd4 Qg5+ 17. Kb1 Rfb8 18. hxg6 fxg6 19. Rc1 Rb7 20. Bd3 Qe5 21. Qxe5 dxe5 22. Rc5 Kg7 23. Rhc1 Raa7 24. Ra5 Rb6 25. Rac5 Rbb7 1/2-1/2

[Event "Valera Zamora Memorial"]
[Site "Valera"]
[Date "2013.10.09"]
[Round "7"]
[White "Merritt, Mario"]
[Black "Teran Abreu, Lisyender Jesus"]
[Result "1-0"]
[WhiteElo "2053"]
[BlackElo "2218"]
[PlyCount "60"]
[EventDate "2013.10.06"]
[EventType "tourn"]
[EventRounds "9"]
[EventCountry "VEN"]
[EventCategory "1"]
[SourceTitle "CBM 157 Extra"]
[Source "ChessBase"]
[SourceDate "2013.12.19"]
[SourceVersion "1"]
[SourceVersionDate "2013.12.19"]
[SourceQuality "1"]

1. c4 g6 2. g3 Bg7 3. Bg2 Nc6 4. Nc3 e5 5. d3 d6 6. e4 Nge7 7. Nge2 Be6 8. 0-0 0-0 9. Nd5 Qd7 10. Bh6 f5 11. Bxg7 Kxg7 12. f3 Rf7 13. Qd2 Raf8 14. Rac1 Nc8 15. b4 Nd8 16. exf5 Bxf5 17. d4 Bh3 18. dxe5 dxe5 19. Qb2 Bxg2 20. Qxe5+ Kg8 21. Kxg2 c6 22. Ndc3 Qd3 23. Qe4 Qd6 24. c5 Qf6 25. Qd4 Qf5 26. Nd1 Rd7 27. Qc4+ Nf7 28. g4 Qe5 29. f4 Qe7 30. g5 Rfd8 1-0

[Event "Valera Zamora Memorial"]
[Site "Valera"]
[Date "2013.10.08"]
[Round "5"]
[White "Teran Abreu, Lisyender Jesus"]
[Black "Palencia Morales, Wilson Guillermo"]
[Result "0-1"]
[WhiteElo "2218"]
[BlackElo "2328"]
[PlyCount "104"]
[EventDate "2013.10.06"]
[EventType "tourn"]
[EventRounds "9"]
[EventCountry "VEN"]
[EventCategory "1"]
[SourceTitle "CBM 157 Extra"]
[Source "ChessBase"]
[SourceDate "2013.12.19"]
[SourceVersion "1"]
[SourceVersionDate "2013.12.19"]
[SourceQuality "1"]

1. e4 c6 2. d4 d5 3. e5 g6 4. Bd3 Na6 5. c3 Nc7 6. Be3 Nh6 7. Ne2 Nf5 8. Bd2 h5 9. Na3 b6 10. Nc2 e6 11. Nf4 Ba6 12. Bxa6 Nxa6 13. Qe2 Nc7 14. Ne3 Qd7 15. h4 0-0-0 16. 0-0-0 Ne7 17. Nh3 c5 18. Kb1 Nc6 19. Nc2 cxd4 20. cxd4 Kb7 21. Ng5 Rc8 22. Rh3 Bh6 23. Rf3 Bxg5 24. Bxg5 Na5 25. Na3 b5 26. b3 a6 27. Qd2 Nc6 28. Nc2 Na8 29. Qf4 Rc7 30. Ne1 Rhc8 31. Nd3 Qe8 32. Rc1 Nb6 33. Nc5+ Ka7 34. Rfc3 Na5 35. Qd2 Nb7 36. Nd3 Rxc3 37. Rxc3 a5 38. Nc5 b4 39. Rc2 Qb5 40. Qf4 Nxc5 41. dxc5 Rxc5 42. Qxf7+ Ka6 43. Qxg6 Rxc2 44. Qxc2 Qf1+ 45. Kb2 d4 46. Qd2 d3 47. Be3 Nd5 48. Qc1 Qe2+ 49. Ka1 Nc3 50. Qb2 Qf1+ 51. Qc1 Qxg2 52. Bd4 d2 0-1

[Event "Valera Zamora Memorial"]
[Site "Valera"]
[Date "2013.10.07"]
[Round "4"]
[White "Blanco Ronquillo, Humberto L"]
[Black "Teran Abreu, Lisyender Jesus"]
[Result "1-0"]
[WhiteElo "2418"]
[BlackElo "2218"]
[PlyCount "83"]
[EventDate "2013.10.06"]
[EventType "tourn"]
[EventRounds "9"]
[EventCountry "VEN"]
[EventCategory "1"]
[SourceTitle "CBM 157 Extra"]
[Source "ChessBase"]
[SourceDate "2013.12.19"]
[SourceVersion "1"]
[SourceVersionDate "2013.12.19"]
[SourceQuality "1"]

1. d4 Nf6 2. Nf3 g6 3. c4 Bg7 4. Nc3 0-0 5. e4 d6 6. Be2 e5 7. d5 Na6 8. Bg5 h6 9. Bh4 Qe8 10. Nd2 Bd7 11. Qc2 c6 12. a3 cxd5 13. Bxf6 Bxf6 14. Nxd5 Bg7 15. 0-0 Rc8 16. b4 Nc7 17. Nxc7 Rxc7 18. Qd3 Qe7 19. Rfc1 Rfc8 20. Nf1 b5 21. Ne3 Qf8 22. Qd2 bxc4 23. Rxc4 Be6 24. Rxc7 Rxc7 25. Rd1 Rd7 26. Bb5 Rd8 27. Bc6 f5 28. b5 Qf7 29. a4 fxe4 30. Bxe4 Qf4 31. Qd3 Kh8 32. Nd5 Bxd5 33. Qxd5 Rf8 34. Rd2 Rc8 35. g3 Qg4 36. Kg2 Bf8 37. h3 Qg5 38. Rd3 Be7 39. a5 Rc5 40. Qa8+ Kg7 41. Bd5 Bf8 42. Rf3 1-0

[Event "Valera Zamora Memorial"]
[Site "Valera"]
[Date "2013.10.07"]
[Round "3"]
[White "Teran Abreu, Lisyender Jesus"]
[Black "Valderrama Espinosa, Gilberto"]
[Result "1/2-1/2"]
[WhiteElo "2218"]
[BlackElo "2232"]
[PlyCount "146"]
[EventDate "2013.10.06"]
[EventType "tourn"]
[EventRounds "9"]
[EventCountry "VEN"]
[EventCategory "1"]
[SourceTitle "CBM 157 Extra"]
[Source "ChessBase"]
[SourceDate "2013.12.19"]
[SourceVersion "1"]
[SourceVersionDate "2013.12.19"]
[SourceQuality "1"]

1. e4 e5 2. Bc4 Nf6 3. d3 Nc6 4. Nf3 Be7 5. c3 0-0 6. Bb3 d5 7. Qe2 d4 8. Nbd2 Be6 9. Bc2 h6 10. Nf1 Nh7 11. Ng3 Ng5 12. h3 Nxf3+ 13. Qxf3 Bg5 14. 0-0 Bxc1 15. Rfxc1 Ne7 16. Bb3 c6 17. Qh5 Qd6 18. Nf5 Bxf5 19. exf5 Qf6 20. cxd4 exd4 21. Re1 Nxf5 22. Re4 Nd6 23. Rg4 Kh8 24. Qc5 Nb5 25. Re1 Rfe8 26. Rge4 Rxe4 27. Rxe4 b6 28. Qe7 Rd8 29. Qxf6 gxf6 30. Re7 Nd6 31. Bxf7 a5 32. Kf1 c5 33. a4 b5 34. axb5 Nxb5 35. Ke2 Nd6 36. Kd2 a4 37. Ra7 Rb8 38. Kc2 Rb4 39. Bd5 c4 40. dxc4 Nxc4 41. Rb7 Nb6 42. Be4 Rc4+ 43. Kd3 Rb4 44. Kc2 Rc4+ 45. Kb1 Rb4 46. Bc2 a3 47. b3 Nd5 48. Rh7+ Kg8 49. Ka2 Rb6 50. Kxa3 Ra6+ 51. Kb2 Nc3 52. Rd7 Ra2+ 53. Kc1 Nb5 54. Bd3 Nc3 55. Bc4+ Kh8 56. Rxd4 Rxf2 57. Rg4 f5 58. Rg3 Ne4 59. Rg8+ Kh7 60. Rf8 Rxg2 61. Rxf5 Nc3 62. Rf3 Na2+ 63. Kd1 Rb2 64. Rg3 Kh8 65. Be6 Rh2 66. Ke1 Rb2 67. Kf1 Kh7 68. Kg1 Nb4 69. h4 Kh8 70. h5 Nc6 71. Bd5 Ne7 72. Be4 Nf5 73. Bxf5 Rg2+ 1/2-1/2

[Event "Valera Zamora Memorial"]
[Site "Valera"]
[Date "2013.10.06"]
[Round "1"]
[White "Teran Abreu, Lisyender Jesus"]
[Black "Zuluaga Mancilla, Cesar"]
[Result "1/2-1/2"]
[WhiteElo "2218"]
[BlackElo "2382"]
[PlyCount "109"]
[EventDate "2013.10.06"]
[EventType "tourn"]
[EventRounds "9"]
[EventCountry "VEN"]
[EventCategory "1"]
[SourceTitle "CBM 157 Extra"]
[Source "ChessBase"]
[SourceDate "2013.12.19"]
[SourceVersion "1"]
[SourceVersionDate "2013.12.19"]
[SourceQuality "1"]

1. e4 c5 2. Nf3 e6 3. d4 cxd4 4. Nxd4 a6 5. Be2 Nf6 6. Nc3 Bb4 7. Qd3 Qc7 8. 0-0 0-0 9. f4 d6 10. Kh1 Nbd7 11. Bf3 Rd8 12. Bd2 Bc5 13. Rae1 Ba7 14. Nb3 Nb6 15. Bc1 Nc4 16. Qe2 Bd7 17. e5 Ne8 18. Be4 g6 19. Rf3 Rac8 20. Bd3 Bb8 21. Nd2 b5 22. Rh3 dxe5 23. Bxc4 bxc4 24. fxe5 Bc6 25. Nf3 Bxf3 26. Qxf3 Qa5 27. Qg3 f5 28. Qh4 Rd7 29. Bf4 Qb4 30. Bc1 Rc5 31. Rhe3 Qa5 32. Qg3 Nf6 33. R3e2 Nh5 34. Qf3 Qc7 35. g4 fxg4 36. Qxg4 Qc6+ 37. Qg2 Qxg2+ 38. Kxg2 Rc8 39. Na4 Ba7 40. Bh6 Rcd8 41. Nc3 Bd4 42. Ne4 Rb8 43. c3 Bb6 44. Nf6+ Nxf6 45. exf6 Bd8 46. Rxe6 Rxb2+ 47. Kh1 Kf7 48. Re8 g5 49. Bxg5 Bxf6 50. Bxf6 Kxf6 51. R8e6+ Kg7 52. Rxa6 Rdd2 53. Rg1+ Kf7 54. Rh6 Rxa2 55. Rxh7+ 1/2-1/2

[Event "Barquisimeto"]
[Site "Barquisimeto"]
[Date "2013.07.28"]
[Round "9"]
[White "Ostos, Julio Eduardo"]
[Black "Teran Abreu, Lisyender Jesus"]
[Result "1/2-1/2"]
[WhiteElo "2304"]
[BlackElo "2171"]
[PlyCount "21"]
[EventDate "2013.07.24"]
[EventType "tourn"]
[EventRounds "9"]
[EventCountry "VEN"]
[EventCategory "1"]
[SourceTitle "EXT 2014"]
[Source "ChessBase"]
[SourceDate "2013.11.20"]
[SourceVersion "1"]
[SourceVersionDate "2013.11.20"]
[SourceQuality "1"]

1. e4 e5 2. Nf3 Nc6 3. Nc3 Nf6 4. d4 exd4 5. Nxd4 Bb4 6. Nxc6 bxc6 7. Bd3 d5 8. exd5 cxd5 9. 0-0 0-0 10. Qf3 c5 11. Bg5 1/2-1/2

[Event "Barquisimeto"]
[Site "Barquisimeto"]
[Date "2013.07.25"]
[Round "4"]
[White "Merritt, Mario"]
[Black "Teran Abreu, Lisyender Jesus"]
[Result "0-1"]
[WhiteElo "2080"]
[BlackElo "2171"]
[PlyCount "27"]
[EventDate "2013.07.24"]
[EventType "tourn"]
[EventRounds "9"]
[EventCountry "VEN"]
[EventCategory "1"]
[SourceTitle "EXT 2014"]
[Source "ChessBase"]
[SourceDate "2013.11.20"]
[SourceVersion "1"]
[SourceVersionDate "2013.11.20"]
[SourceQuality "1"]

1. c4 g6 2. g3 Bg7 3. Bg2 Nc6 4. Nc3 d6 5. d3 e5 6. e4 Be6 7. Nge2 f5 8. 0-0 Nf6 9. Nd5 0-0 10. Bg5 Ne7 11. Qd2 c6 12. Nxe7+ Qxe7 13. Rac1 Rfd8 14. c5 0-1

[Event "Caracas Miranda Memorial"]
[Site "Caracas"]
[Date "2013.04.07"]
[Round "9"]
[White "Teran Abreu, Lisyender Jesus"]
[Black "Marichal Gonzalez, Ariel"]
[Result "0-1"]
[WhiteElo "2121"]
[BlackElo "2295"]
[PlyCount "60"]
[EventDate "2013.04.03"]
[EventType "tourn"]
[EventRounds "9"]
[EventCountry "VEN"]
[SourceTitle "EXT 2018"]
[Source "ChessBase"]
[SourceDate "2017.10.13"]
[SourceVersion "1"]
[SourceVersionDate "2017.10.13"]
[SourceQuality "1"]

1. e4 c5 2. Nf3 Nc6 3. d4 cxd4 4. Nxd4 Nf6 5. Nc3 e5 6. Ndb5 d6 7. Bg5 a6 8. Na3 b5 9. Nd5 Be7 10. Bxf6 Bxf6 11. c4 b4 12. Nc2 0-0 13. Be2 Bg5 14. 0-0 a5 15. Qd3 Nb8 16. Rad1 Na6 17. Nde3 Be7 18. Bf3 Nc5 19. Qe2 g6 20. b3 Rb8 21. Nd5 Bg5 22. g3 f5 23. exf5 gxf5 24. Bh5 Rb7 25. h4 Bxh4 26. Kh2 Rg7 27. Rg1 Kh8 28. Rg2 Rfg8 29. Rh1 f4 30. Kg1 fxg3 0-1

[Event "Caracas Miranda Memorial"]
[Site "Caracas"]
[Date "2013.04.06"]
[Round "8"]
[White "Castro Torres, Jose Luis"]
[Black "Teran Abreu, Lisyender Jesus"]
[Result "0-1"]
[WhiteElo "2258"]
[BlackElo "2121"]
[PlyCount "82"]
[EventDate "2013.04.03"]
[EventType "tourn"]
[EventRounds "9"]
[EventCountry "VEN"]
[SourceTitle "EXT 2018"]
[Source "ChessBase"]
[SourceDate "2017.10.13"]
[SourceVersion "1"]
[SourceVersionDate "2017.10.13"]
[SourceQuality "1"]

1. e4 e5 2. Nf3 Nc6 3. Bb5 Nge7 4. c3 a6 5. Ba4 g6 6. d4 b5 7. Bb3 exd4 8. Ng5 d5 9. exd5 Nxd5 10. Nxf7 Kxf7 11. Qf3+ Kg7 12. Bxd5 Ne5 13. Qe4 Bd6 14. Bxa8 Bf5 15. Qxd4 c5 16. Bh6+ Kxh6 17. Qd2+ Kg7 18. 0-0 Bxb1 19. Rd1 Bd3 20. f4 c4 21. fxe5 Bc5+ 22. Kh1 Qxa8 23. b4 Bb6 24. Rf1 Rf8 25. Rf6 Rxf6 26. exf6+ Kf7 27. Qh6 Qf8 28. Qxh7+ Kxf6 29. a4 Kg5 30. axb5 axb5 31. Re1 Qf2 32. Qe7+ Kh6 33. Qe5 Bc7 34. Qe6 Qf5 35. Qg8 Qf4 36. Qh8+ Kg5 37. Qh3 Be5 38. g3 Qf3+ 39. Kg1 Bxc3 40. Qh4+ Kf5 41. Qh3+ Qg4 0-1

[Event "Caracas Miranda Memorial"]
[Site "Caracas"]
[Date "2013.04.06"]
[Round "5"]
[White "Teran Abreu, Lisyender Jesus"]
[Black "Leyva Proenza, Ricardo"]
[Result "1-0"]
[WhiteElo "2121"]
[BlackElo "2367"]
[PlyCount "51"]
[EventDate "2013.04.03"]
[EventType "tourn"]
[EventRounds "9"]
[EventCountry "VEN"]
[SourceTitle "EXT 2018"]
[Source "ChessBase"]
[SourceDate "2017.10.13"]
[SourceVersion "1"]
[SourceVersionDate "2017.10.13"]
[SourceQuality "1"]

1. e4 c5 2. Nf3 d6 3. d4 cxd4 4. Nxd4 Nf6 5. Nc3 a6 6. Be2 e5 7. Nb3 Be7 8. 0-0 0-0 9. Kh1 Be6 10. f4 Qc7 11. f5 Bc4 12. g4 d5 13. g5 Nxe4 14. Nxe4 dxe4 15. f6 Bd6 16. Bxc4 Qxc4 17. Be3 Rd8 18. Nd2 Qc6 19. Qg4 Bc5 20. Bxc5 Rxd2 21. Be3 Rd8 22. fxg7 Nd7 23. Rf2 Nb6 24. Qh5 Rd7 25. Rf6 Qxc2 26. Rh6 1-0

[Event "Caracas Miranda Memorial"]
[Site "Caracas"]
[Date "2013.04.04"]
[Round "3"]
[White "Teran Abreu, Lisyender Jesus"]
[Black "Guerrero Vargas, Andres Jesus"]
[Result "1-0"]
[WhiteElo "2121"]
[BlackElo "2248"]
[PlyCount "73"]
[EventDate "2013.04.03"]
[EventType "tourn"]
[EventRounds "9"]
[EventCountry "VEN"]
[SourceTitle "EXT 2018"]
[Source "ChessBase"]
[SourceDate "2017.10.13"]
[SourceVersion "1"]
[SourceVersionDate "2017.10.13"]
[SourceQuality "1"]

1. e4 c5 2. Nf3 g6 3. d4 cxd4 4. Nxd4 Bg7 5. Be3 Nf6 6. Nc3 d6 7. Be2 0-0 8. 0-0 Nc6 9. Nb3 Be6 10. f4 a5 11. a4 Nb4 12. Bf3 Rc8 13. Rf2 Bxb3 14. cxb3 Nd7 15. Rc1 Nc5 16. Rd2 Qb6 17. Nb5 Nba6 18. Bg4 Rc6 19. Rc4 e6 20. Rxd6 Bxb2 21. e5 g5 22. g3 gxf4 23. gxf4 Rxd6 24. Qxd6 Qxd6 25. Nxd6 f6 26. Rc2 Ba3 27. Rg2 Kh8 28. Bh5 h6 29. Nf7+ Kh7 30. f5 exf5 31. Bg6+ Kg8 32. Nxh6+ Kh8 33. Nf7+ Kg8 34. Bh5+ Kh7 35. exf6 Ne6 36. Bg6+ Kg8 37. Bh5+ 1-0